Sports Quiz

Random Sports or NBA Quiz

Notable NBA Headband Users Quiz Stats

 Plays Quiz not verified by Sporcle

Score 0/32 Timer 07:00
0 Plays Today
Team Player % Correct
Miami HeatLeBron James
94.8%
Boston CelticsPaul Pierce
85.5%
Denver NuggetsCarmelo Anthony
83.7%
Atlanta HawksJosh Smith
82.6%
Boston CelticsRajon Rondo
80.8%
Denver NuggetsJR Smith
80.5%
Charlotte BobcatsGerald Wallace
68.9%
Cleveland CavaliersMo Williams
68.9%
Dallas MavericksJason Terry
60.2%
Atlanta HawksMike Bibby
57.3%
LA ClippersBaron Davis
54.1%
Detroit PistonsRichard Hamilton
52.9%
Boston CelticsJermaine O'Neal
45.6%
Charlotte BobcatsStephen Jackson
43.6%
Memphis GrizzliesZach Randolph
43%
Miami HeatEddie House
34.9%
Team Player % Correct
Cleveland CavaliersAnderson Varejao
32%
Dallas MavericksCaron Butler
31.7%
Minnesota TimberwolvesMichael Beasley
29.7%
Boston CelticsDelonte West
29.1%
Cleveland CavaliersDaniel Gibson
29.1%
Washington WizardsAndray Blatche
28.5%
Boston CelticsMarquis Daniels
27.3%
Sacramento KingsDeMarcus Cousins
27%
Denver NuggetsTy Lawson
24.1%
Detroit PistonsCharlie Villanueva
23%
Milwaukee BucksCorey Maggette
18.3%
Denver NuggetsAl Harrington
17.2%
Minnesota TimberwolvesCorey Brewer
16.3%
NJ NetsAnthony Morrow
12.8%
Phoenix SunsHakim Warrick
12.2%
Washington WizardsAl Thornton
9%

You're not logged in!

Compare scores with friends on all Sporcle quizzes.
OR
Log In

Show Comments

Extras

Top Quizzes Today


Score Distribution

Your Account Isn't Verified!

In order to create a playlist on Sporcle, you need to verify the email address you used during registration. Go to your Sporcle Settings to finish the process.

Report this User

Report this user for behavior that violates our Community Guidelines.

Details: